000 00665nam a22002057a 4500
999 _c17625
_d17625
003 AR-CdUCM
008 190509b ||||| |||| 00| 0 spa d
040 _aMUNICIPALIDAD PROVINCIAL DEL CUSCO
_cBIBLIOTECA MUNICIPAL DEL CUSCO
082 _a869.813 /
_bOR66
100 _aOribe, Emilio
_937758
245 _aLa transfiguración del cuerpo :
_bPoesia /
260 _aMontevideo :
_bPalacio del libro,
_c1930.
300 _a164 paginas ;
_bIlustraciones, graficos, dibujos,
_c18cm.
440 _aEjemplar en papel pluma
_n223
_937759
500 _aPoesias
650 _aPoesia
_91598
650 _aLiteratura
_983
942 _2ddc
_cLIBROS
945 _apjha
_d2019-05-09